[Event "RSA-chT U14"]
[Site "Cape Town"]
[Date "2016.01.06"]
[Round "5.9"]
[White "Jofile, Sibusiso"]
[Black "Fourie, Hendre"]
[Result "1-0"]
[WhiteElo "1288"]
[BlackElo "896"]
[PlyCount "49"]
[EventDate "2016.01.04"]
[EventType "team-tourn"]
[EventRounds "7"]
[EventCountry "RSA"]
[SourceTitle "CBM 170 Extra"]
[Source "ChessBase"]
[SourceDate "2016.02.25"]
[SourceVersion "1"]
[SourceVersionDate "2016.02.25"]
[SourceQuality "1"]
[WhiteTeam "Kenneth Kaunda"]
[BlackTeam "Bojanala Platina"]
[WhiteTeamCountry "RSA"]
[BlackTeamCountry "RSA"]

1. e4 Nf6 2. Nc3 e5 3. Nf3 Nc6 4. Bb5 g6 5. Bxc6 bxc6 6. Nxe5 Bg7 7. d4 0-0 8. 0-0 d5 9. Nxc6 Qe8 10. exd5 Bg4 11. f3 Bd7 12. Re1 Be6 13. Ne5 Bxd5 14. Nxd5 Nxd5 15. Nxg6 Qa4 16. Nxf8 Rxf8 17. c3 Qb5 18. Qe2 Qd7 19. Qf2 Ne7 20. Qg3 Nf5 21. Qg4 Re8 22. Bh6 Re6 23. Bxg7 Qe7 24. Bf6+ Ng7 25. Qxg7# 1-0